000 00770nam a2200229 a 4500
001 25177
003 CO-ViMGA
008 141112s2004 ck r 000 u spa d
015 _ack - 2002 - 2011
020 _a9789588792378
040 _aCO-ViMGA
_bspa
_cCO-ViMGA
082 0 4 _a838.91409 S96c
100 1 _aSwoboda, Annette
_938345
245 1 0 _aEl chupete de dudú [Braille] /
_cAnette Swoboda
260 _aBarcelona :
_bEditorial Juventud,
_cINCI ; 2012
300 _a[8] p. : il. ; 15 cm.
500 _atexto en imprenta y Braille
521 _aPara niños de 0 a 2 años
650 1 4 _aCuentos infantiles alemanes - Siglo XX
_938346
942 _2ddc
_cBK
990 _aAlianza Distribuidora de Colombia 2 ejemplares 21 20/11/2012 n a816140 20/11/2012 19/11/2012
999 _c32804
_d32804